000 00681nam a2200253 a 4500
001 0001-1186
003 ELIB.Books
008 150511 2010 eng
020 _a091517023
035 _a(ELIB.Books)0001-1341
092 _a231.7
_bCli
100 _aClifford, Richard J.
245 _aCreation in the Biblical Traditions
260 _aWashington, DC
_bThe Catholic Biblical Quarterly
_c1969
300 _a151
_c23 Cm
440 _aMonograph Series
500 _aC/o Moe Lwei
650 _aCrreation Biblical Teaching
856 _nKBTS: Library
_uKBTS: Elib
942 _2ddc
_cBK
990 _a1
998 _cbat
_e2015-05-11
999 _c11186
_d11186